Mayo Francés la cámara opaca: el debate cine e ideología
Guardat en:
| Autors principals: | , , , , , , |
|---|---|
| Format: | Llibre |
| Idioma: | espanyol |
| Publicat: |
Buenos Aires
El Cuenco de Plata
2016
|
| Edició: | 1a. ed |
| Col·lecció: | Cine
|
| Matèries: | |
| Etiquetes: |
Afegir etiqueta
Sense etiquetes, Sigues el primer a etiquetar aquest registre!
|
MARC
| LEADER | 00000cam a2200000 a 4500 | ||
|---|---|---|---|
| 001 | UCC0341 | ||
| 003 | CL-VaPUC | ||
| 008 | 170804e20160300ag |||||||||||||||||spa|d | ||
| 020 | |a 9789873743535 | ||
| 082 | 0 | 4 | |a 791.43 |b COM |2 21 |
| 100 | 0 | |a Comolli, Jean-Louis |e author |9 594255 | |
| 700 | 0 | |a Fargier, Jean-Paul |e author |9 594256 | |
| 700 | 0 | |a Narboni, Jean |e author |9 594257 | |
| 700 | 0 | |a Baudry, Jean-Louis |e author |9 594258 | |
| 700 | 0 | |a Thibaudeau, Jean |e author |9 594259 | |
| 700 | 0 | |a Pleynet, Marcelin |e author |9 594260 | |
| 700 | 0 | |a Lebel, Jean-Patrick |e author |9 594261 | |
| 245 | 1 | 0 | |a Mayo Francés la cámara opaca: el debate cine e ideología |
| 250 | |a 1a. ed | ||
| 300 | |a 316 p | ||
| 942 | |c BK | ||
| 945 | |d 20170804 10:39:00 |a arojas | ||
| 260 | |a Buenos Aires |b El Cuenco de Plata |c 2016 | ||
| 650 | 7 | |a TEORIA DEL CINE |2 CL-VaPUC |9 550374 | |
| 650 | 7 | |a ESPACIO FILMICO |2 CL-VaPUC |9 336719 | |
| 650 | 0 | |a Cinematografía |9 265198 | |
| 650 | 0 | |a Historia del cine |9 265166 | |
| 583 | |a last modification |c 20170804 10:39:00 |k Rodrigo Vera | ||
| 490 | 0 | |a Cine | |
| 999 | |c 369197 |d 369195 | ||
| 952 | |0 0 |1 0 |3 erb |4 0 |6 791_430000000000000_COM_2016 |7 0 |8 A |9 484792 |a BIBART |b BIBART |i 5412420 |o 791.43 COM 2016 |p 5412420 |r 2025-03-13 |w 2019-11-24 |y BK |z Catalogado en:20170804 |k ART | ||